000 00336nam a2200145Ia 4500
008 230917s9999||||xx |||||||||||||| ||und||
040 _e130556
_aMAIN
041 _aEnglish
082 _a820.9 S44E
100 _aStephen, Martin
245 0 _aEnglish literature
260 _aLondon
_bLongman
_c1986
300 _a242p p.
942 _cBK
999 _c56614
_d56614